00878nam a22002177a 450000500170000001000150001702000260003203500140005803700090007208200110008110000280009224501160012026000500023627001000028630000200038660000290040670000540043594200230048999900190051295201290053120260319140618.0 aENG-147946 c665.00a9788119337316 aEN-131478 bDBAD a651.79 aSuganya Dr. R.V.988631 aCrafting Scholarly Successr;cDr.R.V. SuganyahEnglishbA path to Research, Writting, and Internship excellence aTamil NadubShanlax Publications c Oct 2023 bTamil Nadua61, 66 T.P.K. Main Road, Vasantha Nagar, Madurai- 625003 Tamil Nadu , Indiae625003 a321 pbk. c24cm dDR. R. V. Suganya988632 aDR. G.Venkateshwaran and Dr. M. Sivasakari988625 2ddccENm651.79e1 c215653d215653 001040718NFICaDBADbDBADd2026-03-19eDBADg665.00l0o651.79pEN-131478r2026-03-19 00:00:00t1v665.00w2026-03-19yEN